The cross before Calvary / (Record no. 5975)

MARC details
000 -LEADER
fixed length control field 00637cam a22002291 4500
001 - CONTROL NUMBER
control field 9362577
003 - CONTROL NUMBER IDENTIFIER
control field GBCCL
005 - DATE AND TIME OF LATEST TRANSACTION
control field 20241126110553.0
008 - FIXED-LENGTH DATA ELEMENTS--GENERAL INFORMATION
fixed length control field 770624s1960 xx 000 0 eng
010 ## -
-- 60012070
035 ## - SYSTEM CONTROL NUMBER
System control number (OCoLC)3068391
040 ## - CATALOGING SOURCE
Original cataloging agency DLC
Transcribing agency OC
Modifying agency OCoLC
-- DLC
050 00 -
-- BX8333.C5
-- C7
082 ## - DEWEY DECIMAL CLASSIFICATION NUMBER
Classification number 252
Item number CHA
100 1# - MAIN ENTRY--PERSONAL NAME
Personal name Chappell, Clovis Gillham
Dates associated with a name 1882-1972.
9 (RLIN) 8989
245 14 - TITLE STATEMENT
Title The cross before Calvary /
Statement of responsibility, etc. Clovis G. Chappell
260 ## - PUBLICATION, DISTRIBUTION, ETC.
Place of publication, distribution, etc. New York:
Name of publisher, distributor, etc. Abingdon Press,
Date of publication, distribution, etc. [1960]
300 ## - PHYSICAL DESCRIPTION
Extent 62 p.
Dimensions 19 cm.
650 #0 - SUBJECT ADDED ENTRY--TOPICAL TERM
Topical term or geographic name entry element Sermons
Chronological subdivision 20th century.
9 (RLIN) 10789
650 #0 - SUBJECT ADDED ENTRY--TOPICAL TERM
Topical term or geographic name entry element Methodist Church
9 (RLIN) 10790
942 ## - ADDED ENTRY ELEMENTS (KOHA)
Source of classification or shelving scheme Dewey Decimal Classification
Koha item type Books
Holdings
Withdrawn status Lost status Source of classification or shelving scheme Damaged status Not for loan Home library Current Library Shelving location Date acquired Total checkouts Full call number Barcode Date last seen Copy number Price effective from Koha item type
    Dewey Decimal Classification     GRACE BIBLE COLLEGE GRACE BIBLE COLLEGE Ministry & Mission 2018-04-19   252 CHA 003311 2025-05-01 c.1 2018-04-19 Books
© Grace Bible College Library 2025